| 000 | 00468nam a22001937a 4500 | ||
|---|---|---|---|
| 003 | OSt | ||
| 005 | 20180116183021.0 | ||
| 008 | 151120b xxu||||| |||| 00| 0 eng d | ||
| 020 | _a0 | ||
| 040 | _c0 | ||
| 082 | _a813.54 CRE 1944 | ||
| 100 | _aJohn Creasey | ||
| 245 |
_aJohn Creasey Dark Peril _cJohn Creasey |
||
| 260 |
_aLondon _bArrow Books _c1944 |
||
| 300 |
_a191p. _bPB |
||
| 440 | _aJohn Creasey Dark Peril | ||
| 600 | _aJohn Creasey | ||
| 942 |
_2ddc _cBK |
||
| 999 |
_c350592 _d350592 |
||